[Event "4NCL Online Division 3"]
[Site "online"]
[Date "2020.04.28"]
[Round "4.11"]
[White "Hookham, Jamie"]
[Black "Yeo, Gareth"]
[Result "1/2-1/2"]
[WhiteElo "2029"]
[BlackElo "1980"]
[PlyCount "87"]
[EventDate "2020.04.28"]
[WhiteTeam "3 Smarties 1 Tube"]
[BlackTeam "West is Best 2"]

1. e4 c5 2. d4 cxd4 3. c3 dxc3 4. Nxc3 e6 5. Nf3 a6 6. Bc4 b5 7. Bb3 Bb7 8. Qe2
Ne7 9. Bg5 Nbc6 10. O-O h6 11. Be3 Na5 12. Ne5 Nxb3 13. axb3 Nc6 14. Nd3 Be7
15. Qg4 g6 16. e5 h5 17. Qe2 h4 18. h3 Rh5 19. f4 d6 20. Rfd1 d5 21. Nc5 Qc7
22. Qf2 Rd8 23. b4 Nxb4 24. Nb3 Rc8 25. Ne2 Qc2 26. Na5 Qc7 27. Nb3 Qd8 28. Bb6
Qd7 29. Ned4 Kf8 30. Qd2 Kg7 31. Rac1 Nc6 32. Nc5 Bxc5 33. Rxc5 Nxd4 34. Qxd4
Rhh8 35. b4 Rc6 36. Rxc6 Qxc6 37. Bc5 Rc8 38. Qf2 d4 39. Rxd4 a5 40. Rd2 axb4
41. Bxb4 Qe4 42. Be7 Rc1+ 43. Kh2 Qe1 44. Qxe1 1/2-1/2

[Event "4NCL Online Division 3"]
[Site "online"]
[Date "2020.04.28"]
[Round "4.12"]
[White "Taylor, William J"]
[Black "Barron, Luke J"]
[Result "0-1"]
[WhiteElo "1959"]
[BlackElo "1927"]
[PlyCount "126"]
[EventDate "2020.04.28"]
[WhiteTeam "West is Best 2"]
[BlackTeam "3 Smarties 1 Tube"]

1. e4 d6 2. d4 Nf6 3. Nc3 e5 4. Nge2 exd4 5. Nxd4 g6 6. Be2 Bg7 7. Be3 Nc6 8.
Qd2 Ng4 9. Bxg4 Bxg4 10. f3 Bd7 11. Nxc6 Bxc6 12. O-O-O a5 13. Bh6 Qf6 14. Bg5
Qe5 15. f4 Qc5 16. e5 O-O 17. Nd5 Bxd5 18. Qxd5 Qxd5 19. Rxd5 dxe5 20. fxe5
Rfe8 21. Bf6 Ra6 22. Rf1 Bxf6 23. exf6 h6 24. Kd2 g5 25. c4 Ree6 26. Rff5 Rxf6
27. Rxa5 Rxa5 28. Rxa5 Rf2+ 29. Kc3 Rxg2 30. Ra7 b6 31. Rxc7 Rxh2 32. a4 g4 33.
c5 bxc5 34. a5 Rh1 35. a6 Ra1 36. a7 Kg7 37. Kd3 g3 38. Ke3 g2 39. a8=Q Rxa8
40. Kf2 Ra2 41. Rb7 c4 42. Kg1 h5 43. Rb4 Kg6 44. Rb8 Kf6 45. Rb4 Kg5 46. Kh2
f5 47. Rb8 h4 48. Rg8+ Kf4 49. Rxg2 Ke3 50. Rc2 f4 51. Kh3 f3 52. Rc3+ Ke2 53.
Rc2+ Kd1 54. Rf2 c3 55. Rxf3 cxb2 56. Rf1+ Ke2 57. Rg1 Kd3 58. Kxh4 Ra1 59.
Rg3+ Kc2 60. Rg2+ Kb3 61. Rg3+ Ka2 62. Rg2 Rc1 63. Kh3 Ka1 0-1

[Event "4NCL Online Division 3"]
[Site "online"]
[Date "2020.04.28"]
[Round "4.13"]
[White "Porter, Sam J"]
[Black "Hurley, Jake"]
[Result "1-0"]
[WhiteElo "1975"]
[BlackElo "1780"]
[PlyCount "51"]
[EventDate "2020.04.28"]
[WhiteTeam "3 Smarties 1 Tube"]
[BlackTeam "West is Best 2"]

1. e4 d6 2. d4 Nf6 3. Nc3 g6 4. f3 c6 5. Be3 Nbd7 6. Qd2 b5 7. g4 a6 8. Nge2 e5
9. O-O-O Qa5 10. a3 Nb6 11. Ng3 Be6 12. g5 Bc4 13. gxf6 Bxf1 14. Rhxf1 Nc4 15.
Qd3 d5 16. Nb1 b4 17. a4 Qxa4 18. Rde1 Qa1 19. exd5 cxd5 20. Qb3 a5 21. Bf4 a4
22. Rxe5+ Nxe5 23. Qxd5 Nd3+ 24. Kd2 Nxf4 25. Qxa8+ Kd7 26. Qb7+ 1-0

[Event "4NCL Online Division 3"]
[Site "online"]
[Date "2020.04.28"]
[Round "4.14"]
[White "Davis, Ashley J"]
[Black "Jost, Jan Niklas"]
[Result "1/2-1/2"]
[WhiteElo "1852"]
[BlackElo "1840"]
[PlyCount "98"]
[EventDate "2020.04.28"]
[WhiteTeam "West is Best 2"]
[BlackTeam "3 Smarties 1 Tube"]

1. d4 Nf6 2. g3 d5 3. Bg2 c6 4. Nf3 Bf5 5. O-O e6 6. c4 Be7 7. Nbd2 O-O 8. Nh4
Bg6 9. Nxg6 hxg6 10. e4 dxe4 11. Nxe4 Nbd7 12. Be3 Nxe4 13. Bxe4 Nf6 14. Bg2
Qa5 15. Qb3 Qa6 16. Rfd1 Rfd8 17. a4 Qb6 18. Qxb6 axb6 19. d5 exd5 20. Bxb6 Rd7
21. cxd5 cxd5 22. a5 Bd8 23. Bd4 Ne4 24. Bxg7 Nxf2 25. Kxf2 Kxg7 26. Rxd5 Rxd5
27. Bxd5 Bxa5 28. Kf3 Ra7 29. b4 Bb6 30. Rxa7 Bxa7 31. Bxb7 Kf6 32. Bd5 Ke7 33.
h4 f6 34. g4 Bb6 35. Be4 Kf7 36. Kf4 Bf2 37. h5 gxh5 38. gxh5 Kg7 39. Kf5 Kh6
40. Bf3 Kg7 41. b5 Bb6 42. Ke6 Bg1 43. Kd6 Be3 44. Kc6 f5 45. b6 Bxb6 46. Kxb6
Kh8 47. Kc5 Kh7 48. Kd5 Kh8 49. Ke5 Kh7 1/2-1/2

[Event "4NCL Online Division 3"]
[Site "online"]
[Date "2020.04.28"]
[Round "4.21"]
[White "Pert, Nina"]
[Black "Smith, Simon"]
[Result "1-0"]
[WhiteElo "1787"]
[BlackElo "1966"]
[PlyCount "43"]
[EventDate "2020.04.28"]
[WhiteTeam "Brentwood"]
[BlackTeam "Beverley Vikings"]

1. e4 c5 2. Nf3 e6 3. b3 b6 4. c4 Bb7 5. Nc3 Nf6 6. Qc2 Nc6 7. d3 d5 8. Bb2 Nb4
9. Qb1 d4 10. Ne2 Nxe4 11. a3 Nxd3+ 12. Qxd3 Bd6 13. Ng3 f5 14. Be2 h5 15. Nd2
Nxd2 16. Qxd2 h4 17. Nh5 h3 18. Nxg7+ Kf7 19. Nh5 hxg2 20. Rg1 Bxh2 21. O-O-O
Qg5 22. Qxg5 1-0

[Event "4NCL Online Division 3"]
[Site "online"]
[Date "2020.04.28"]
[Round "4.22"]
[White "Vleeshhouwer, Douglas"]
[Black "Hughes, Gavin James"]
[Result "1-0"]
[WhiteElo "1960"]
[BlackElo "1773"]
[PlyCount "89"]
[EventDate "2020.04.28"]
[WhiteTeam "Beverley Vikings"]
[BlackTeam "Brentwood"]

1. b3 d6 2. Bb2 e5 3. e3 Nf6 4. c4 Be7 5. Ne2 c6 6. Nbc3 O-O 7. d4 Nbd7 8. Qc2
Re8 9. O-O-O Qa5 10. h3 b5 11. cxb5 cxb5 12. f4 Bb7 13. a3 b4 14. axb4 Qxb4 15.
Kb1 Rec8 16. Ng3 Nd5 17. Nxd5 Bxd5 18. Bc4 Bxc4 19. bxc4 Rxc4 20. Qd2 exf4 21.
Qxb4 Rxb4 22. exf4 Rab8 23. Rd2 Bf6 24. Ne2 Nb6 25. Kc2 Na4 26. Bc3 Nxc3 27.
Kxc3 d5 28. Ra2 Rc4+ 29. Kd2 Bxd4 30. Nxd4 Rxd4+ 31. Ke3 Re4+ 32. Kf3 Rb3+ 33.
Kg4 g6 34. g3 h5+ 35. Kh4 Kg7 36. Rxa7 Kh6 37. Ra6 Re6 38. Rxe6 fxe6 39. Re1
Rb6 40. g4 hxg4 41. hxg4 Rd6 42. Kg3 Kg7 43. Ra1 Kf6 44. g5+ Kf5 45. Re1 1-0

[Event "4NCL Online Division 3"]
[Site "online"]
[Date "2020.04.28"]
[Round "4.23"]
[White "Pert, Max"]
[Black "Carmichael, Ned"]
[Result "1-0"]
[WhiteElo "1697"]
[BlackElo "1825"]
[PlyCount "51"]
[EventDate "2020.04.28"]
[WhiteTeam "Brentwood"]
[BlackTeam "Beverley Vikings"]

1. d4 Nf6 2. Bg5 d5 3. e3 e6 4. Bd3 Nbd7 5. Nf3 h6 6. Bh4 c5 7. c3 Be7 8. Nbd2
O-O 9. h3 a6 10. a4 Rb8 11. a5 b5 12. Bb1 b4 13. c4 cxd4 14. Nxd4 Bb7 15. O-O
Rc8 16. b3 Ne5 17. Qc2 g6 18. f4 Nc6 19. Nxe6 Qd6 20. Nxf8 Bxf8 21. c5 Qe6 22.
Kh1 Bg7 23. f5 Qxe3 24. fxg6 Qd4 25. gxf7+ Kxf7 26. Qg6+ 1-0

[Event "4NCL Online Division 3"]
[Site "online"]
[Date "2020.04.28"]
[Round "4.24"]
[White "Johnstone, J Gerry"]
[Black "Molostvov, Dmitry M"]
[Result "1/2-1/2"]
[WhiteElo "1570"]
[BlackElo "1720"]
[PlyCount "64"]
[EventDate "2020.04.28"]
[WhiteTeam "Beverley Vikings"]
[BlackTeam "Brentwood"]

1. e4 c5 2. Nf3 Nc6 3. d3 e6 4. g3 d5 5. Nbd2 Nf6 6. Bg2 Be7 7. O-O O-O 8. Re1
dxe4 9. dxe4 Nd4 10. e5 Nd5 11. c3 Nc6 12. h4 h6 13. Nf1 Nb6 14. Qe2 Qc7 15.
Bf4 Nd5 16. Qe4 Nxf4 17. Qxf4 f6 18. Rad1 fxe5 19. Qe4 Bf6 20. Ne3 b6 21. Nc4
Bb7 22. Nd6 Rad8 23. Nxb7 Rxd1 24. Rxd1 Qxb7 25. Nxe5 Bxe5 26. Qxc6 Qxc6 27.
Bxc6 Bf6 28. Rd7 Rf7 29. Kf1 Rxd7 30. Bxd7 Kf7 31. Ke2 Ke7 32. Bb5 Kd6 1/2-1/2

[Event "4NCL Online Division 3"]
[Site "online"]
[Date "2020.04.28"]
[Round "4.31"]
[White "Robertson, Mark M"]
[Black "Westrap, Christian F"]
[Result "1-0"]
[WhiteElo "2050"]
[BlackElo "2057"]
[PlyCount "37"]
[EventDate "2020.04.28"]
[WhiteTeam "Catford Cosmonauts 2"]
[BlackTeam "Wessex Some Stars B"]

1. e4 d5 2. exd5 Qxd5 3. Nc3 Qd8 4. d4 Nf6 5. Bc4 a6 6. Bg5 Nc6 7. d5 Ne5 8.
Bb3 h6 9. Bf4 Ng6 10. Bg3 b5 11. Qe2 b4 12. Ne4 Bf5 13. Nxf6+ gxf6 14. Nf3 Bg4
15. O-O-O Bg7 16. d6 e5 17. Qc4 Be6 18. dxc7 Qe7 19. Qc6+ 1-0

[Event "4NCL Online Division 3"]
[Site "online"]
[Date "2020.04.28"]
[Round "4.32"]
[White "Pleasants, Allan J"]
[Black "Gluckman, Tim"]
[Result "0-1"]
[WhiteElo "2001"]
[BlackElo "1907"]
[PlyCount "76"]
[EventDate "2020.04.28"]
[WhiteTeam "Wessex Some Stars B"]
[BlackTeam "Catford Cosmonauts 2"]

1. Nf3 b6 2. d4 e6 3. g3 Bb7 4. Bg2 f5 5. O-O Nf6 6. c4 Be7 7. Nc3 O-O 8. a4
Bb4 9. Qb3 a5 10. Rd1 Na6 11. Bd2 Ne4 12. Be1 f4 13. Qc2 d5 14. Ne5 Bxc3 15.
bxc3 fxg3 16. hxg3 Qe7 17. f3 Nd6 18. Qd3 Nxc4 19. Nxc4 dxc4 20. Qxc4 Bd5 21.
Qd3 c5 22. e4 Bb3 23. Rd2 c4 24. Qe3 Rab8 25. g4 b5 26. Bg3 Rb6 27. d5 Qb7 28.
axb5 Rxb5 29. dxe6 Qb6 30. Qxb6 Rxb6 31. e7 Re8 32. Rxa5 Rxe7 33. Rd8+ Kf7 34.
Bf2 Rc6 35. Bd4 Nc7 36. f4 Ne6 37. Rf5+ Kg6 38. Kf2 Nxd8 0-1

[Event "4NCL Online Division 3"]
[Site "online"]
[Date "2020.04.28"]
[Round "4.33"]
[White "Allen, John P"]
[Black "Pentakota, Rajasekhar"]
[Result "0-1"]
[WhiteElo "1915"]
[BlackElo "1858"]
[PlyCount "78"]
[EventDate "2020.04.28"]
[WhiteTeam "Catford Cosmonauts 2"]
[BlackTeam "Wessex Some Stars B"]

1. e4 c5 2. c3 e6 3. d4 d5 4. exd5 Qxd5 5. Nf3 Nc6 6. Be3 cxd4 7. Nxd4 a6 8.
Nxc6 Qxc6 9. Nd2 Nf6 10. Nc4 b5 11. Nb6 Rb8 12. Nxc8 Rxc8 13. f3 Bc5 14. Bxc5
Qxc5 15. Bd3 O-O 16. Qe2 Rfd8 17. Be4 Rd7 18. Rd1 Rcd8 19. Rxd7 Rxd7 20. Rf1 h6
21. g3 a5 22. Rf2 b4 23. c4 Nxe4 24. fxe4 Rd4 25. Qf3 Qxc4 26. Qxf7+ Kh7 27.
Re2 Rxe4 28. Rxe4 Qxe4+ 29. Kd2 Qd5+ 30. Kc1 Qxa2 31. Qf4 Qd5 32. g4 b3 33. h4
Qc5+ 34. Kd2 Qc2+ 35. Ke1 Qb1+ 36. Kf2 Qxb2+ 37. Kg3 Qc3+ 38. Kh2 Qc2+ 39. Kg3
b2 0-1

[Event "4NCL Online Division 3"]
[Site "online"]
[Date "2020.04.28"]
[Round "4.34"]
[White "Adaway, William"]
[Black "Turner, Howard"]
[Result "0-1"]
[WhiteElo "1857"]
[BlackElo "1885"]
[PlyCount "70"]
[EventDate "2020.04.28"]
[WhiteTeam "Wessex Some Stars B"]
[BlackTeam "Catford Cosmonauts 2"]

1. c4 g6 2. e4 Bg7 3. d4 c5 4. Nf3 cxd4 5. Nxd4 Qb6 6. Nb3 d6 7. Nc3 Nf6 8. Be3
Qc7 9. Be2 O-O 10. O-O Nc6 11. Rc1 Be6 12. f3 Rac8 13. Nd5 Qb8 14. Nd4 Bxd5 15.
exd5 Nxd4 16. Qxd4 e5 17. dxe6 fxe6 18. Qd2 d5 19. Rfd1 Rcd8 20. Bg5 Qe5 21.
Bf4 Qf5 22. Bc7 Rd7 23. cxd5 Nxd5 24. Bg3 Rfd8 25. Bd3 Qf6 26. Qe2 Nb4 27. Bc4
Nd5 28. Qf2 Bh6 29. Qe2 Bxc1 30. Rxc1 Re7 31. Be5 Qf7 32. Qd3 Qf5 33. Qb3 Qxe5
34. Rd1 Red7 35. h3 Nf4 0-1

[Event "4NCL Online Division 3"]
[Site "online"]
[Date "2020.04.28"]
[Round "4.41"]
[White "Lovatt, Amy"]
[Black "Elwin, Adrian G"]
[Result "0-1"]
[WhiteElo "1840"]
[BlackElo "1982"]
[PlyCount "96"]
[EventDate "2020.04.28"]
[WhiteTeam "Crewe"]
[BlackTeam "MK Phoenix 2"]

1. c4 c5 2. g3 Nc6 3. Bg2 g6 4. Nc3 Bg7 5. Rb1 Nf6 6. a3 O-O 7. b4 cxb4 8. axb4
d6 9. Nf3 Bf5 10. d3 Ng4 11. Bd2 Rb8 12. O-O Nge5 13. b5 Nxf3+ 14. Bxf3 Ne5 15.
Bg2 Nxd3 16. exd3 Bxd3 17. Qa4 Bxb1 18. Rxb1 Bd4 19. Ne2 Bc5 20. Ba5 Qd7 21.
Nc3 Qf5 22. Ne4 Bxf2+ 23. Kh1 Bd4 24. Bc3 Bxc3 25. Nxc3 a6 26. Rf1 Qe5 27. Nd5
f6 28. Nf4 Kh8 29. Bd5 axb5 30. Qxb5 f5 31. Qb4 Qf6 32. Ne6 Rg8 33. Qd2 g5 34.
Qd3 f4 35. gxf4 gxf4 36. Rf2 Qa1+ 37. Rf1 Qe5 38. Qd4 Qxd4 39. Nxd4 Rgf8 40.
Ne6 Rf6 41. Rxf4 Rxf4 42. Nxf4 b5 43. Kg2 bxc4 44. Bxc4 Rb4 45. Nd5 Rxc4 46.
Nxe7 Rc2+ 47. Kg3 Re2 48. h4 Rxe7 0-1

[Event "4NCL Online Division 3"]
[Site "online"]
[Date "2020.04.28"]
[Round "4.42"]
[White "Whiteside, Robert"]
[Black "Lockett, Karl"]
[Result "1-0"]
[WhiteElo "1792"]
[BlackElo "1810"]
[PlyCount "65"]
[EventDate "2020.04.28"]
[WhiteTeam "MK Phoenix 2"]
[BlackTeam "Crewe"]

1. e4 b6 2. d4 Bb7 3. f3 e6 4. c4 Nh6 5. Be3 f5 6. Nc3 Bb4 7. h4 Qe7 8. Bg5
Bxc3+ 9. bxc3 Qf7 10. d5 fxe4 11. fxe4 O-O 12. Nf3 Na6 13. Qd4 d6 14. Bd3 e5
15. Qg1 Nc5 16. Bc2 Ng4 17. O-O-O a5 18. h5 Ba6 19. Rh4 Qd7 20. h6 g6 21. Nd2
Rf7 22. Rf1 Raf8 23. Rxf7 Rxf7 24. Rh3 Nf2 25. Rg3 Ng4 26. Qd1 Nf6 27. Rf3 Nh5
28. Qf1 Rxf3 29. Qxf3 Qf7 30. Qxf7+ Kxf7 31. Bd8 c6 32. dxc6 Ne6 33. Bxb6 1-0

[Event "4NCL Online Division 3"]
[Site "online"]
[Date "2020.04.28"]
[Round "4.43"]
[White "Renegade, Richard"]
[Black "Edwards, Peter"]
[Result "0-1"]
[WhiteElo "1735"]
[BlackElo "1870"]
[PlyCount "140"]
[EventDate "2020.04.28"]
[WhiteTeam "Crewe"]
[BlackTeam "MK Phoenix 2"]

1. e4 e6 2. Bc4 d5 3. exd5 exd5 4. Bb3 Be7 5. d4 Nf6 6. Bg5 c6 7. c3 Bg4 8. f3
Bf5 9. Ne2 h6 10. Bh4 Nbd7 11. Nd2 a5 12. a4 O-O 13. O-O Qc7 14. Bg3 Bd6 15.
Bxd6 Qxd6 16. Ng3 Bg6 17. Bc2 Bxc2 18. Qxc2 Rfe8 19. Rfe1 Qf4 20. Ndf1 Nb6 21.
b3 Nbd7 22. Qf5 Qd6 23. Qc2 Rac8 24. Nf5 Qf8 25. N1g3 c5 26. Qd2 b6 27. Qf4
cxd4 28. cxd4 Qb4 29. Rxe8+ Rxe8 30. h3 Kh7 31. Nd6 Rf8 32. Qf5+ Kg8 33. Nb5
Qxb3 34. Qb1 Qe3+ 35. Kh2 Qf4 36. Qc1 Qb8 37. Qc7 Rc8 38. Qxb8 Nxb8 39. Nf5 Kf8
40. Nfd6 Rc6 41. Re1 g6 42. h4 Na6 43. g4 Nc7 44. g5 Nxb5 45. Nxb5 hxg5 46.
hxg5 Nh5 47. Re3 Rc2+ 48. Kh3 Nf4+ 49. Kg4 Ne6 50. Rc3 Rg2+ 51. Kh4 Rxg5 52.
Rc8+ Kg7 53. Rc6 Rf5 54. Rxb6 Rxf3 55. Nd6 Rf4+ 56. Kg3 Rxd4 57. Ne8+ Kh6 58.
Rb1 Rxa4 59. Rh1+ Kg5 60. Re1 Ra3+ 61. Kg2 Nf4+ 62. Kh2 Rh3+ 63. Kg1 d4 64.
Re5+ f5 65. Rxa5 Re3 66. Nd6 Kg4 67. Nc4 Re8 68. Ne5+ Kg3 69. Ra3+ d3 70. Nxd3
Re3 0-1

[Event "4NCL Online Division 3"]
[Site "online"]
[Date "2020.04.28"]
[Round "4.44"]
[White "Cox, Lucian"]
[Black "Gardiner, Harry"]
[Result "0-1"]
[WhiteElo "1051"]
[BlackElo "1697"]
[PlyCount "98"]
[EventDate "2020.04.28"]
[WhiteTeam "MK Phoenix 2"]
[BlackTeam "Crewe"]

1. e4 c5 2. d4 cxd4 3. c3 dxc3 4. Nxc3 Nc6 5. Nf3 e6 6. Bc4 a6 7. O-O b5 8. Bb3
Bb7 9. Qe2 Nge7 10. Rd1 Ng6 11. Be3 Be7 12. Rac1 Rc8 13. a3 O-O 14. Nd4 Qc7 15.
Nxc6 Bxc6 16. Qd3 Ne5 17. Qd2 Qb7 18. f3 Rfd8 19. Bf4 Qb6+ 20. Kh1 Ng6 21. Bg3
Bc5 22. a4 Be3 23. Qc2 Bxc1 24. Qxc1 b4 25. Ne2 Bxa4 26. Qb1 Bxb3 27. Rc1 Rxc1+
28. Qxc1 Qc6 29. Qxc6 dxc6 30. h3 Rd2 31. Nc1 Rd1+ 32. Kh2 Rxc1 33. h4 Rc2 34.
h5 Nf8 35. Bd6 a5 36. Kh3 Rxb2 37. g4 Bd1 38. f4 b3 39. Be5 Re2 40. g5 b2 41.
Bxb2 Rxb2 42. h6 gxh6 43. gxh6 a4 44. Kh4 a3 45. Kg5 a2 46. f5 a1=Q 47. fxe6
Rg2+ 48. Kf5 Qa5+ 49. Kf6 Qg5# 0-1

[Event "4NCL Online Division 3"]
[Site "online"]
[Date "2020.04.28"]
[Round "4.51"]
[White "Mashayekh, Majid"]
[Black "Hylands, Liam M"]
[Result "0-1"]
[WhiteElo "1881"]
[BlackElo "1912"]
[PlyCount "104"]
[EventDate "2020.04.28"]
[WhiteTeam "CSC 4"]
[BlackTeam "Streatham B"]

1. Nf3 d5 2. e3 Nf6 3. b3 Bg4 4. Be2 Nbd7 5. d4 e6 6. O-O Bd6 7. Bb2 Bxf3 8.
Bxf3 O-O 9. c4 c6 10. Nd2 Qe7 11. Re1 e5 12. e4 Nxe4 13. Nxe4 dxe4 14. Bxe4 f5
15. dxe5 Bb4 16. Bf3 Bxe1 17. Qxe1 Rae8 18. Rd1 Nxe5 19. Bxe5 Qxe5 20. Qxe5
Rxe5 21. Kf1 Rfe8 22. g3 Kf7 23. Rd7+ R8e7 24. Rd8 Re1+ 25. Kg2 Ra1 26. Rd2 g5
27. Bh5+ Kg7 28. h3 a5 29. Bf3 Kf6 30. Rd6+ Ke5 31. Rd2 Rg7 32. g4 f4 33. Be2
Rf7 34. Bf3 Re1 35. Bd1 Ke6 36. Bf3 Rd7 37. Rc2 Rd4 38. c5 Re5 39. Be2 Kd7 40.
Bf3 Kc7 41. Kf1 a4 42. bxa4 Rxa4 43. Be2 Ra5 44. Bd3 h6 45. Bf5 Raxc5 46. Rd2
f3 47. Kg1 Re2 48. Rd7+ Kb6 49. Rh7 Rc1+ 50. Kh2 Rxf2+ 51. Kg3 Rcf1 52. Rxh6
Rg2# 0-1

[Event "4NCL Online Division 3"]
[Site "online"]
[Date "2020.04.28"]
[Round "4.52"]
[White "French, Angus J"]
[Black "Towers, Nigel S"]
[Result "1-0"]
[WhiteElo "1952"]
[BlackElo "1858"]
[PlyCount "83"]
[EventDate "2020.04.28"]
[WhiteTeam "Streatham B"]
[BlackTeam "CSC 4"]

1. e4 c6 2. d4 d5 3. e5 Bf5 4. h4 h5 5. Bg5 Qb6 6. Bd3 Bxd3 7. Qxd3 e6 8. Nc3
c5 9. Qb5+ Qc6 10. Nf3 a6 11. Qe2 cxd4 12. Nxd4 Qc7 13. O-O Ne7 14. Ndb5 axb5
15. Nxb5 Qc6 16. Nd6+ Kd7 17. Nxf7 Rg8 18. b3 g6 19. c4 dxc4 20. Rfd1+ Kc7 21.
Nd8 Qa6 22. Rac1 Nf5 23. Rxc4+ Nc6 24. Nxe6+ Kb8 25. Nxf8 Rxf8 26. e6 Re8 27.
Bf4+ Ka7 28. Ra4 Na5 29. Qd2 b6 30. Qd7+ Qb7 31. b4 Rad8 32. Qxb7+ Kxb7 33.
Rxd8 Rxd8 34. bxa5 b5 35. a6+ Kc6 36. Re4 Re8 37. a7 Nd6 38. Rb4 Ra8 39. e7 Re8
40. Bxd6 Kxd6 41. Rxb5 Kc7 42. Rb8 1-0

[Event "4NCL Online Division 3"]
[Site "online"]
[Date "2020.04.28"]
[Round "4.53"]
[White "Frostick, Helen M"]
[Black "Titorenko, Kostyantyn"]
[Result "0-1"]
[WhiteElo "1855"]
[BlackElo "1930"]
[PlyCount "142"]
[EventDate "2020.04.28"]
[WhiteTeam "CSC 4"]
[BlackTeam "Streatham B"]

1. e4 e5 2. Nf3 Nc6 3. Bc4 Bc5 4. d3 d6 5. c3 Nf6 6. O-O a6 7. Nbd2 Ba7 8. h3
Na5 9. Re1 O-O 10. d4 Nxc4 11. Nxc4 exd4 12. cxd4 Nxe4 13. Rxe4 d5 14. Rh4 dxc4
15. Qc2 f5 16. Qxc4+ Kh8 17. Bg5 Qd6 18. Re1 Qc6 19. Qd3 Be6 20. Rc1 Qb6 21.
Be3 Bd5 22. Ne5 Be4 23. Qd2 Qd6 24. f3 f4 25. Bf2 Bd5 26. Rxf4 Rxf4 27. Qxf4
Rf8 28. Qd2 Bxa2 29. Qc3 c6 30. b3 Qd5 31. Nc4 b5 32. Na5 Bb6 33. Qxc6 Qxc6 34.
Nxc6 Bxb3 35. Ra1 Ba4 36. Nb4 a5 37. Nd5 Bd8 38. Rc1 Bb3 39. Nc7 Bc4 40. Na6
Bb6 41. Nc5 Rd8 42. Be3 Kg8 43. Kf2 Kf7 44. Ke1 g6 45. Rc3 h5 46. h4 a4 47. Kf2
Ba5 48. Rc1 a3 49. Nb7 Ra8 50. Nd6+ Ke6 51. Nxc4 bxc4 52. Rxc4 a2 53. Rc1 Bc3
54. d5+ Kxd5 55. Rd1+ Kc4 56. Rc1 a1=Q 57. Rxa1 Rxa1 58. Bg5 Kd3 59. g4 Ra2+
60. Kg3 Be1+ 61. Kh3 Ke2 62. f4 Ra3+ 63. Kg2 Rg3+ 64. Kh2 Rxg4 65. Kh3 Bd2 66.
Kh2 Bxf4+ 67. Bxf4 Rxf4 68. Kg3 Ke3 69. Kh3 Rg4 70. Kh2 Kf3 71. Kh3 Kf2 0-1

[Event "4NCL Online Division 3"]
[Site "online"]
[Date "2020.04.28"]
[Round "4.54"]
[White "Ponting, Andrew"]
[Black "Kumar, Soham"]
[Result "1-0"]
[WhiteElo "1870"]
[BlackElo "1742"]
[PlyCount "83"]
[EventDate "2020.04.28"]
[WhiteTeam "Streatham B"]
[BlackTeam "CSC 4"]

1. e4 c5 2. Nf3 d6 3. d4 cxd4 4. Nxd4 Nf6 5. Nc3 a6 6. Bg5 e6 7. f4 Be7 8. Be2
O-O 9. Qd2 b5 10. O-O b4 11. Bxf6 Bxf6 12. Na4 Bb7 13. Bf3 Bxd4+ 14. Qxd4 Nc6
15. Qb6 Qe7 16. e5 d5 17. Nc5 Rfb8 18. c4 bxc3 19. bxc3 Qe8 20. Nxb7 Qd7 21.
Rab1 Ra7 22. Nc5 Qc8 23. Qxc6 Rc7 24. Rxb8 Qxb8 25. Qd6 Qc8 26. Nxa6 Rxc3 27.
Qb8 Qxb8 28. Nxb8 Ra3 29. Rc1 g6 30. Nd7 Rxa2 31. Nf6+ Kg7 32. Rc8 Ra1+ 33. Kf2
Ra2+ 34. Ke3 Ra3+ 35. Kd4 Ra4+ 36. Ke3 Ra3+ 37. Kf2 Ra2+ 38. Kg3 d4 39. Kh3 d3
40. g4 d2 41. Rg8+ Kh6 42. g5# 1-0

[Event "4NCL Online Division 3"]
[Site "online"]
[Date "2020.04.28"]
[Round "4.61"]
[White "Menadue, Jeremy F S"]
[Black "Roberts, David N"]
[Result "1-0"]
[WhiteElo "1996"]
[BlackElo "1967"]
[PlyCount "71"]
[EventDate "2020.04.28"]
[WhiteTeam "Falmouth & Truro"]
[BlackTeam "Horsham"]

1. d4 Nf6 2. c4 c5 3. d5 e6 4. Nc3 exd5 5. cxd5 d6 6. e4 g6 7. Nge2 Bg7 8. Ng3
O-O 9. Be2 a6 10. a4 Nbd7 11. O-O b6 12. Be3 Rb8 13. Qd2 Qe7 14. Bh6 Re8 15. f3
Qf8 16. Be3 h5 17. Nh1 Kh7 18. Nf2 Bh6 19. f4 Qg7 20. h3 g5 21. fxg5 Rg8 22. h4
Ne5 23. Bf4 Qg6 24. g3 Bg7 25. gxf6 Bxf6 26. Kh2 b5 27. axb5 axb5 28. Rg1 b4
29. Ncd1 Bxh4 30. Ne3 Bf6 31. Rg2 Bd7 32. Rh1 Rh8 33. Kg1 Kg8 34. Qd1 h4 35.
gxh4 Ng4 36. Bxg4 1-0

[Event "4NCL Online Division 3"]
[Site "online"]
[Date "2020.04.28"]
[Round "4.62"]
[White "Heath, Chris W"]
[Black "Kneebone, Robin F G"]
[Result "0-1"]
[WhiteElo "1855"]
[BlackElo "1952"]
[PlyCount "108"]
[EventDate "2020.04.28"]
[WhiteTeam "Horsham"]
[BlackTeam "Falmouth & Truro"]

1. e4 e5 2. Nf3 Nc6 3. Bc4 Nf6 4. d3 Be7 5. c3 O-O 6. Bb3 d6 7. Nbd2 Na5 8. Bc2
c5 9. Nf1 Nc6 10. h3 d5 11. Qe2 Re8 12. g4 Be6 13. Ng3 Qa5 14. Nf5 Bxf5 15.
gxf5 Nd4 16. Qd1 dxe4 17. dxe4 Rad8 18. Bd2 Nxc2+ 19. Qxc2 c4 20. O-O Rd3 21.
Kg2 Nxe4 22. Be3 Red8 23. Qe2 Qd5 24. Kh2 Nd6 25. Ne1 e4 26. Nxd3 cxd3 27. Qg4
Nxf5 28. c4 Nxe3 29. fxe3 Qxc4 30. Rg1 Bf8 31. Rac1 Qxa2 32. Qxe4 Qxb2+ 33. Qg2
d2 34. Rcd1 Qe5+ 35. Qg3 Qe4 36. Qg2 Qxe3 37. Kh1 b5 38. Qg3 Qxg3 39. Rxg3 Bb4
40. Rb3 a5 41. Rb2 h6 42. Kg2 f5 43. Kf2 g5 44. Ke2 Kf7 45. Rc2 Rd7 46. Rb2 Kf6
47. Kf2 h5 48. Ke2 f4 49. Rf1 Kf5 50. Kd1 g4 51. hxg4+ hxg4 52. Rh1 g3 53. Rh5+
Kg4 54. Rxb5 g2 0-1

[Event "4NCL Online Division 3"]
[Site "online"]
[Date "2020.04.28"]
[Round "4.63"]
[White "Willis, Toby W"]
[Black "Ashby, Nicholas G"]
[Result "0-1"]
[WhiteElo "1892"]
[BlackElo "1817"]
[PlyCount "120"]
[EventDate "2020.04.28"]
[WhiteTeam "Falmouth & Truro"]
[BlackTeam "Horsham"]

1. d4 d5 2. c4 e6 3. Nc3 Nf6 4. Bg5 Be7 5. e3 O-O 6. Nf3 h6 7. Bh4 b6 8. cxd5
Nxd5 9. Bxe7 Qxe7 10. Nxd5 exd5 11. Rc1 Be6 12. Qa4 c5 13. Qa3 Nd7 14. Bb5 Rfc8
15. O-O Rc7 16. dxc5 bxc5 17. Nd4 Ne5 18. Nxe6 fxe6 19. e4 c4 20. Qxe7 Rxe7 21.
exd5 exd5 22. Ba4 Nd3 23. Rc2 Rb8 24. b3 Nb4 25. Rd2 c3 26. Rd4 Nxa2 27. Rxd5
c2 28. Rc5 c1=Q 29. Rcxc1 Nxc1 30. Rxc1 Rf8 31. Bb5 g5 32. Bc4+ Kg7 33. g3 Rd7
34. Rc2 Rfd8 35. Ra2 Kf6 36. Kg2 Rf8 37. Re2 Re7 38. Ra2 Rc8 39. Ra6+ Kg7 40.
Rd6 Rb8 41. g4 Rf8 42. h3 Rf6 43. Rd8 a5 44. Rg8+ Kh7 45. Ra8 Re5 46. Bd3+ Kg7
47. Ra7+ Rf7 48. Ra6 Rf6 49. Ra7+ Kf8 50. Bc4 Rc5 51. Kg3 Re5 52. Kg2 Rg6 53.
Rf7+ Ke8 54. Ra7 Rb6 55. Kg3 Rc5 56. Kf3 Rb4 57. Kg2 Kd8 58. Be6 Rf4 59. Bf5
Rd5 60. Rb7 Rd2 0-1

[Event "4NCL Online Division 3"]
[Site "online"]
[Date "2020.04.28"]
[Round "4.64"]
[White "Barrowclough, Richard"]
[Black "Doubleday, Peter"]
[Result "1-0"]
[WhiteElo "1577"]
[BlackElo "1345"]
[PlyCount "115"]
[EventDate "2020.04.28"]
[WhiteTeam "Horsham"]
[BlackTeam "Falmouth & Truro"]

1. e4 e5 2. Bc4 Nc6 3. Nf3 Be7 4. O-O Nf6 5. Re1 d6 6. d4 O-O 7. d5 Nb8 8. h3
c6 9. Nc3 Bd7 10. Bg5 Nxd5 11. Bxe7 Nxe7 12. Qxd6 Ng6 13. Nxe5 Nxe5 14. Qxe5
Re8 15. Qf4 Be6 16. Bb3 Na6 17. Rad1 Qc8 18. Rd2 Nc5 19. Bxe6 Qxe6 20. f3 Nd7
21. Qd6 Ne5 22. Qxe6 Rxe6 23. Red1 Ree8 24. b3 h6 25. f4 Ng6 26. g3 Ne7 27. Rd7
b6 28. Kf2 Kf8 29. Kf3 g6 30. g4 Rec8 31. R1d2 Ke8 32. R7d3 Rd8 33. Rxd8+ Rxd8
34. Rxd8+ Kxd8 35. a3 Kd7 36. e5 Ke6 37. Ne4 Nd5 38. c4 Ne7 39. Nd6 a6 40. Ke4
b5 41. Kd4 f5 42. exf6 Kxf6 43. cxb5 axb5 44. a4 Ke6 45. Ne4 Nd5 46. a5 Kd7 47.
f5 gxf5 48. gxf5 Kc7 49. f6 Nf4 50. f7 Ng6 51. Kc5 Nf8 52. a6 Ne6+ 53. Kb4 Kb6
54. Nc5 Nf8 55. h4 h5 56. Kc3 Kxc5 57. a7 b4+ 58. Kd3 1-0